[Event "4NCL/Div3/AMCAD vs. CAMB2"]
[Site "Staverton Park ENG"]
[Date "2009.02.08"]
[Round "6.1"]
[White "Webb, Richard M"]
[Black "Cooley, Oliver"]
[Result "1/2-1/2"]
[WhiteElo "2266"]
[BlackElo "2128"]
[PlyCount "27"]
[EventDate "2009.02.08"]
[SourceDate "2008.10.04"]

1. e4 d5 2. exd5 Qxd5 3. Nc3 Qa5 4. d4 Nf6 5. Nf3 c6 6. Bd2 Bg4 7. h3 Bh5 8. g4
Bg6 9. Ne5 Nbd7 10. Nxg6 hxg6 11. Qf3 e6 12. O-O-O Nd5 13. Kb1 Bb4 14. Nxd5
1/2-1/2

[Event "4NCL/Div3/AMCAD vs. CAMB2"]
[Site "Staverton Park ENG"]
[Date "2009.02.08"]
[Round "6.2"]
[White "Beckett, Chris J"]
[Black "Norman, Kenneth I"]
[Result "1/2-1/2"]
[WhiteElo "2105"]
[BlackElo "2168"]
[PlyCount "35"]
[EventDate "2009.02.08"]
[SourceDate "2008.10.04"]

1. d4 g6 2. c4 Bg7 3. Nc3 d6 4. e4 e5 5. d5 Nd7 6. g3 a5 7. h4 h5 8. Bh3 Bh6 9.
Nf3 Bxc1 10. Rxc1 Nc5 11. Bxc8 Qxc8 12. Qe2 Nf6 13. Ng5 Qg4 14. Qe3 O-O 15. O-O
Nh7 16. f4 f6 17. Nxh7 Kxh7 18. fxe5 1/2-1/2

[Event "4NCL/Div3/AMCAD vs. CAMB2"]
[Site "Staverton Park ENG"]
[Date "2009.02.08"]
[Round "6.3"]
[White "Purdon, Colin"]
[Black "Gooding, Ian"]
[Result "1/2-1/2"]
[WhiteElo "2097"]
[BlackElo "2009"]
[PlyCount "47"]
[EventDate "2009.02.08"]
[SourceDate "2008.10.04"]

1. d4 d5 2. c4 c6 3. Nf3 Nf6 4. Nc3 dxc4 5. a4 Na6 6. e3 Bg4 7. Bxc4 e6 8. h3
Bh5 9. O-O Nb4 10. Qe2 Be7 11. Rd1 O-O 12. a5 Qc7 13. e4 b5 14. axb6 axb6 15.
Rxa8 Rxa8 16. Bg5 h6 17. Bh4 Ra5 18. g4 Bg6 19. Bg3 Qa7 20. Ne5 Bh7 21. f3 Nd7
22. Nxd7 Qxd7 23. Kg2 Bg6 24. Bf2 1/2-1/2

[Event "4NCL/Div3/AMCAD vs. CAMB2"]
[Site "Staverton Park ENG"]
[Date "2009.02.08"]
[Round "6.4"]
[White "Lee, Richard"]
[Black "Morris-Hill, Ray"]
[Result "1/2-1/2"]
[WhiteElo "1985"]
[BlackElo "2063"]
[PlyCount "81"]
[EventDate "2009.02.08"]
[SourceDate "2008.10.04"]

1. c4 e5 2. Nc3 c5 3. Nf3 Nc6 4. d3 g6 5. e3 Bg7 6. Be2 Nge7 7. a3 O-O 8. O-O
d6 9. Rb1 f5 10. Bd2 a5 11. Qc2 h6 12. Rfd1 g5 13. Be1 Ng6 14. Nd2 g4 15. Bf1
h5 16. Na2 Bh6 17. b4 axb4 18. axb4 b6 19. b5 Nce7 20. Nc3 h4 21. Ra1 Rxa1 22.
Rxa1 g3 23. Ra8 f4 24. e4 gxh2+ 25. Kh1 Qd7 26. f3 Kh8 27. Qa2 Bb7 28. Rxf8+
Bxf8 29. Qa7 Nc8 30. Qb8 Be7 31. Na4 Bd8 32. Nb1 Qc7 33. Qxc7 Bxc7 34. Kxh2
Nce7 35. Nbc3 Bc8 36. Nb2 Kg7 37. Nbd1 Kh6 38. Nb2 Kg5 39. Nbd1 Bd7 40. Nb2 Bc8
41. Nbd1 1/2-1/2

[Event "4NCL/Div3/AMCAD vs. CAMB2"]
[Site "Staverton Park ENG"]
[Date "2009.02.08"]
[Round "6.5"]
[White "Duvall, Ian"]
[Black "Campbell, Mark"]
[Result "1-0"]
[WhiteElo "2047"]
[BlackElo "1984"]
[PlyCount "79"]
[EventDate "2009.02.08"]
[SourceDate "2008.10.04"]

1. d4 Nf6 2. c4 e6 3. g3 d5 4. Nf3 c5 5. Bg2 Nc6 6. cxd5 exd5 7. O-O Be6 8. Nc3
Be7 9. dxc5 Bxc5 10. Bg5 Be7 11. Qa4 Qa5 12. Qxa5 Nxa5 13. Nb5 O-O 14. Nfd4
Rfc8 15. Rac1 Nc6 16. Nxe6 fxe6 17. Bh3 Kf7 18. Bf4 Ne8 19. Rfd1 a6 20. Nc3 Rd8
21. Na4 e5 22. Bd2 h6 23. Nb6 Rab8 24. Nd7 Ra8 25. Rxc6 bxc6 26. Nxe5+ Kf8 27.
Nxc6 Rd6 28. Nxe7 Kxe7 29. Bb4 Nf6 30. Rc1 Rad8 31. Rc6 a5 32. Ba3 Ne8 33. Ra6
Kf7 34. Bxd6 Nxd6 35. Rxa5 Nc4 36. Ra7+ Kf6 37. b3 Ne5 38. f4 Nf7 39. Kf2 d4
40. Rd7 1-0

[Event "4NCL/Div3/AMCAD vs. CAMB2"]
[Site "Staverton Park ENG"]
[Date "2009.02.08"]
[Round "6.6"]
[White "Lim, Mark"]
[Black "Sparkes, Daniel A"]
[Result "1/2-1/2"]
[WhiteElo "1908"]
[BlackElo "2000"]
[PlyCount "47"]
[EventDate "2009.02.08"]
[SourceDate "2008.10.04"]

1. Nf3 Nf6 2. c4 g6 3. b4 Bg7 4. Bb2 c5 5. bxc5 Qa5 6. e3 Qxc5 7. Be2 O-O 8.
Ba3 Qa5 9. Bb2 Nc6 10. O-O d6 11. d4 Bf5 12. Nbd2 Ne4 13. Nxe4 Bxe4 14. Bd3
Bxd3 15. Qxd3 Rac8 16. Rfc1 Rfd8 17. Qb3 Qc7 18. c5 d5 19. Bc3 Rd7 20. Rab1
Rcd8 21. Rb2 e5 22. Nxe5 Nxe5 23. dxe5 Bxe5 24. Bxe5 1/2-1/2

[Event "4NCL/Div3/GUI4 vs. MET"]
[Site "Staverton Park ENG"]
[Date "2009.02.08"]
[Round "6.1"]
[White "Punnett, Alan K"]
[Black "Djabri, Zafer M"]
[Result "1/2-1/2"]
[WhiteElo "2102"]
[BlackElo "2101"]
[PlyCount "47"]
[EventDate "2009.02.08"]
[SourceDate "2008.10.04"]

1. d4 d5 2. Nf3 c5 3. c3 Nf6 4. g3 e6 5. Bg2 Nc6 6. O-O Bd6 7. a3 O-O 8. b4
cxb4 9. cxb4 Qb6 10. Nc3 Re8 11. Rb1 Bd7 12. Bb2 Rac8 13. Qd3 Rcd8 14. Rfd1 h6
15. e4 dxe4 16. Nxe4 Nxe4 17. Qxe4 Ne7 18. Ne5 Ba4 19. Rdc1 Nd5 20. Nc4 Qa6 21.
Nxd6 Qxd6 22. Qe5 a6 23. Bxd5 Qxe5 24. dxe5 1/2-1/2

[Event "4NCL/Div3/GUI4 vs. MET"]
[Site "Staverton Park ENG"]
[Date "2009.02.08"]
[Round "6.2"]
[White "Dickson, George"]
[Black "Shepley, Julien M"]
[Result "1-0"]
[WhiteElo "2103"]
[BlackElo "2076"]
[PlyCount "87"]
[EventDate "2009.02.08"]
[SourceDate "2008.10.04"]

1. e4 d6 2. d4 Nf6 3. Nc3 Nbd7 4. e5 dxe5 5. dxe5 Nxe5 6. Bf4 Ng6 7. Qxd8+ Kxd8
8. O-O-O+ Bd7 9. Bg3 Kc8 10. h4 Nh5 11. Bh2 e6 12. Be2 Nf6 13. h5 Ne7 14. Nf3
h6 15. Ne5 Be8 16. Nb5 Nf5 17. Nxc7 Kxc7 18. Nxf7+ Kb6 19. Nxh8 Bc5 20. Ng6
Bxg6 21. hxg6 Bxf2 22. g4 Nd4 23. Bd3 Be3+ 24. Kb1 Nxg4 25. Bg1 Bxg1 26. Rdxg1
Ne5 27. Be4 Ndf3 28. Rd1 Ng5 29. Rhe1 Rf8 30. b3 Rf6 31. Bg2 Nxg6 32. Rd7 Nf4
33. Rxb7+ Ka6 34. Bh1 Rf7 35. Rb8 Ng6 36. Bg2 Nh4 37. Bc6 Rf5 38. a4 Nhf3 39.
Bb5+ Ka5 40. c3 Rxb5 41. Rxb5+ Ka6 42. Rd1 Ne4 43. Kc2 g5 44. Rb4 1-0

[Event "4NCL/Div3/GUI4 vs. MET"]
[Site "Staverton Park ENG"]
[Date "2009.02.08"]
[Round "6.3"]
[White "Stimpson, Philip M"]
[Black "Calvert, D Ian"]
[Result "1/2-1/2"]
[WhiteElo "2077"]
[BlackElo "2051"]
[PlyCount "55"]
[EventDate "2009.02.08"]
[SourceDate "2008.10.04"]

1. e4 d5 2. exd5 Qxd5 3. Nc3 Qd6 4. d4 Nf6 5. Nf3 a6 6. g3 Bg4 7. Bg2 Nc6 8.
O-O O-O-O 9. d5 Ne5 10. Bf4 Bxf3 11. Bxf3 Nxf3+ 12. Qxf3 e5 13. dxe6 Qxe6 14.
Bg5 Re8 15. Rfe1 Qxe1+ 16. Rxe1 Rxe1+ 17. Kg2 Be7 18. Be3 Rd8 19. Qf4 Rd7 20.
h3 Bb4 21. Ne4 Nxe4 22. Qxe4 Bd2 23. Qe8+ Rd8 24. Qxf7 Bxe3 25. Qe6+ Kb8 26.
fxe3 Rf8 27. Qe7 Re2+ 28. Kg1 1/2-1/2

[Event "4NCL/Div3/GUI4 vs. MET"]
[Site "Staverton Park ENG"]
[Date "2009.02.08"]
[Round "6.4"]
[White "Vachtfeidl, Petr"]
[Black "Eckloff, Colin"]
[Result "1-0"]
[WhiteElo "2005"]
[BlackElo "2116"]
[PlyCount "127"]
[EventDate "2009.02.08"]
[SourceDate "2008.10.04"]

1. e4 e5 2. Nf3 Nc6 3. Bb5 a6 4. Ba4 Nf6 5. O-O Nxe4 6. d4 b5 7. Bb3 d5 8. dxe5
Be6 9. Nbd2 Bc5 10. Qe2 Nxd2 11. Bxd2 O-O 12. Rfd1 Qd7 13. a4 b4 14. a5 Ne7 15.
Ba4 c6 16. Be3 Bxe3 17. Qxe3 Qc7 18. Qc5 Rab8 19. Nd4 Rfc8 20. f4 Kh8 21. Rf1
g6 22. Rae1 Nf5 23. Nxf5 gxf5 24. Re3 Rb7 25. Rb3 Qb8 26. Rd1 d4 27. Rbd3 b3
28. Bxb3 Bxb3 29. cxb3 Rxb3 30. Qxd4 c5 31. Qd6 Qxd6 32. exd6 Rxd3 33. Rxd3 Kg7
34. d7 Rd8 35. Rd6 Kf8 36. Rxa6 Rxd7 37. Rc6 Rd1+ 38. Kf2 Rd2+ 39. Kg3 Rxb2 40.
Rxc5 Rb3+ 41. Kh4 Rb2 42. Kh3 Rb3+ 43. g3 Kg7 44. Rxf5 Ra3 45. Kg4 Ra2 46. h4
Ra3 47. h5 Ra1 48. Rb5 Ra3 49. Rg5+ Kf6 50. h6 Ke7 51. Rb5 Ke8 52. Kh4 Ra4 53.
Kg5 Ke7 54. Rb7+ Ke8 55. Kf6 Rxa5 56. Rb8+ Kd7 57. Kxf7 Ra6 58. Kg7 Rg6+ 59.
Kxh7 Rxg3 60. Rg8 Rh3 61. Kg6 Rg3+ 62. Kf7 Rh3 63. Kg7 Ke7 64. h7 1-0

[Event "4NCL/Div3/GUI4 vs. MET"]
[Site "Staverton Park ENG"]
[Date "2009.02.08"]
[Round "6.5"]
[White "Hill, David F"]
[Black "Djabri, Katherine"]
[Result "1/2-1/2"]
[WhiteElo "2064"]
[BlackElo "2037"]
[PlyCount "32"]
[EventDate "2009.02.08"]
[SourceDate "2008.10.04"]

1. d4 Nf6 2. c4 g6 3. Nc3 Bg7 4. e4 d6 5. Bg5 h6 6. Be3 O-O 7. f3 e5 8. d5 a6
9. Qd2 Kh7 10. O-O-O Bd7 11. g4 Ng8 12. h4 b5 13. h5 g5 14. c5 dxc5 15. Bxc5
Re8 16. Kb1 Qf6 1/2-1/2

[Event "4NCL/Div3/GUI4 vs. MET"]
[Site "Staverton Park ENG"]
[Date "2009.02.08"]
[Round "6.6"]
[White "Cooke, Charlie"]
[Black "McCullough, Simon L"]
[Result "0-1"]
[WhiteElo "1880"]
[BlackElo "1896"]
[PlyCount "81"]
[EventDate "2009.02.08"]
[SourceDate "2008.10.04"]

1. d4 Nf6 2. c4 e6 3. Nc3 Bb4 4. Qc2 O-O 5. a3 Bxc3+ 6. Qxc3 Ne4 7. Qc2 d5 8.
Nf3 b6 9. e3 Bb7 10. Bd3 Nd7 11. O-O f5 12. Nd2 Rc8 13. Nxe4 dxe4 14. Be2 Qh4
15. f3 Rf6 16. fxe4 Rh6 17. h3 Bxe4 18. Bd3 Bxg2 19. Kxg2 Qxh3+ 20. Kf2 Rg6 21.
Ke1 Rg2 22. Rf2 Qh4 23. Kf1 Qh1+ 24. Ke2 Qh5+ 25. Ke1 Qh4 26. Bf1 Rh2 27. Bd3
Nf6 28. Kf1 Rh1+ 29. Ke2 Ng4 30. Rg2 Qe1+ 31. Kf3 Rh3+ 32. Kf4 h6 33. Rxg4 fxg4
34. Qe2 Rf8+ 35. Ke5 Qg3+ 36. Ke4 Rh2 37. Qd1 Qf2 38. d5 Qf5+ 39. Kd4 Qf6+ 40.
Ke4 exd5+ 41. Kxd5 0-1

[Event "4NCL/Div3/WRO2 vs. LIT1"]
[Site "Staverton Park ENG"]
[Date "2009.02.08"]
[Round "6.1"]
[White "Shaw, Peter"]
[Black "Smith, Andrew P"]
[Result "1/2-1/2"]
[WhiteElo "2123"]
[BlackElo "2189"]
[PlyCount "94"]
[EventDate "2009.02.08"]
[SourceDate "2008.10.04"]

1. d4 Nf6 2. c4 c5 3. d5 e6 4. Nc3 exd5 5. cxd5 d6 6. Nf3 g6 7. g3 Bg7 8. Bg2
O-O 9. O-O Re8 10. Bf4 Ne4 11. Rc1 g5 12. Be3 Nxc3 13. bxc3 h6 14. Qd3 Nd7 15.
Bd2 Nf6 16. c4 Ne4 17. Be1 Bf5 18. Qb3 Rb8 19. e3 Qd7 20. a4 b6 21. Nd2 Nxd2
22. Bxd2 a6 23. Rfe1 b5 24. axb5 axb5 25. e4 bxc4 26. Qxc4 Bh3 27. Bc3 Bxg2 28.
Kxg2 Bxc3 29. Qxc3 Re5 30. Re3 Rbe8 31. Rce1 Qa4 32. Qd3 g4 33. h3 Qd7 34. hxg4
Qxg4 35. Qe2 Qg6 36. f3 Rg5 37. Qf2 Kh7 38. f4 Rg4 39. e5 Qf5 40. exd6 Reg8 41.
Qd2 Qxf4 42. Qd3+ Kh8 43. Rf1 Qxd6 44. Rxf7 R4g7 45. Rxg7 Rxg7 46. Re8+ Rg8 47.
Rxg8+ Kxg8 1/2-1/2

[Event "4NCL/Div3/WRO2 vs. LIT1"]
[Site "Staverton Park ENG"]
[Date "2009.02.08"]
[Round "6.2"]
[White "Salisbury, Michael W"]
[Black "Archer, Richard"]
[Result "1/2-1/2"]
[WhiteElo "2119"]
[BlackElo "2120"]
[PlyCount "41"]
[EventDate "2009.02.08"]
[SourceDate "2008.10.04"]

1. e4 c5 2. Nf3 d6 3. d4 cxd4 4. Nxd4 Nf6 5. Nc3 Nc6 6. Be2 e6 7. O-O Be7 8.
Be3 O-O 9. f4 a6 10. Bf3 Qc7 11. a4 Bd7 12. f5 Ne5 13. g4 exf5 14. Nxf5 Be6 15.
Be2 Rfe8 16. g5 Nfd7 17. Nd5 Bxd5 18. exd5 Bf8 19. Bd4 Rac8 20. Rc1 Nc5 21. c4
1/2-1/2

[Event "4NCL/Div3/WRO2 vs. LIT1"]
[Site "Staverton Park ENG"]
[Date "2009.02.08"]
[Round "6.3"]
[White "Faulkes, Nick"]
[Black "Byron, Alan M"]
[Result "0-1"]
[WhiteElo "2084"]
[BlackElo "2162"]
[PlyCount "46"]
[EventDate "2009.02.08"]
[SourceDate "2008.10.04"]

1. e4 c6 2. d4 d5 3. e5 Bf5 4. Nc3 e6 5. g4 Bg6 6. Nge2 c5 7. h4 h6 8. f4 Nc6
9. Be3 cxd4 10. Bxd4 h5 11. f5 exf5 12. g5 f4 13. Nxf4 Be4 14. Rh2 Bb4 15. a3
Ba5 16. b4 Nxd4 17. Qxd4 Bb6 18. Qd2 Ne7 19. Rd1 Qc7 20. Bb5+ Kf8 21. Nxe4 dxe4
22. g6 Qxe5 23. Bc4 e3 0-1

[Event "4NCL/Div3/WRO2 vs. LIT1"]
[Site "Staverton Park ENG"]
[Date "2009.02.08"]
[Round "6.4"]
[White "Compton, Alistair"]
[Black "Lewyk, Ihor"]
[Result "1/2-1/2"]
[WhiteElo "2079"]
[BlackElo "2146"]
[PlyCount "56"]
[EventDate "2009.02.08"]
[SourceDate "2008.10.04"]

1. e4 d5 2. exd5 Qxd5 3. Nc3 Qa5 4. d4 c6 5. Nf3 Nf6 6. Ne5 Be6 7. Nc4 Qc7 8.
g3 Nbd7 9. Bf4 Qd8 10. Qe2 Bxc4 11. Qxc4 Nb6 12. Qd3 Nbd5 13. Nxd5 Qxd5 14. Rg1
O-O-O 15. c3 e6 16. Bg2 Qa5 17. b4 Qh5 18. b5 Qxb5 19. Qxb5 cxb5 20. Rb1 b4 21.
a3 Nd5 22. Bxd5 Rxd5 23. axb4 b6 24. Ke2 Be7 25. Rgc1 Kb7 26. Be3 b5 27. Ra1
Rc8 28. Rc2 Rc6 1/2-1/2

[Event "4NCL/Div3/WRO2 vs. LIT1"]
[Site "Staverton Park ENG"]
[Date "2009.02.08"]
[Round "6.5"]
[White "Webb, Matthew"]
[Black "Jackson, James P"]
[Result "1-0"]
[WhiteElo "2035"]
[BlackElo "2093"]
[PlyCount "57"]
[EventDate "2009.02.08"]
[SourceDate "2008.10.04"]

1. e4 c5 2. a3 e6 3. b4 cxb4 4. axb4 Bxb4 5. Bb2 Nf6 6. e5 Nd5 7. c4 Ne7 8. Qg4
Qb6 9. Nc3 Kf8 10. Bd3 Nbc6 11. Nf3 h5 12. Qf4 Nf5 13. Bxf5 exf5 14. Nd5 Qc5
15. Qg5 d6 16. O-O Be6 17. d4 Qxc4 18. Nb6 Qb3 19. Nxa8 Bd5 20. Qxf5 Bxf3 21.
Qc8+ Ke7 22. exd6+ Bxd6 23. Qxh8 Kf6 24. gxf3 Qxf3 25. d5+ Kf5 26. Qxg7 Ne5 27.
Rfe1 f6 28. Bxe5 Bxe5 29. Rxe5+ 1-0

[Event "4NCL/Div3/WRO2 vs. LIT1"]
[Site "Staverton Park ENG"]
[Date "2009.02.08"]
[Round "6.6"]
[White "Gibson, Christopher A"]
[Black "Whitaker, Thomas R"]
[Result "0-1"]
[WhiteElo "1964"]
[BlackElo "1995"]
[PlyCount "44"]
[EventDate "2009.02.08"]
[SourceDate "2008.10.04"]

1. d4 Nf6 2. c4 e5 3. dxe5 Ng4 4. Bf4 Nc6 5. Nf3 Bb4+ 6. Nbd2 Qe7 7. a3 Ngxe5
8. Nxe5 Nxe5 9. e3 Bxd2+ 10. Qxd2 d6 11. Qd4 b6 12. Be2 Bb7 13. O-O Ng6 14. Bg3
h5 15. Bd3 Ne5 16. f3 O-O-O 17. Be4 Rhe8 18. Bxb7+ Kxb7 19. e4 Qe6 20. Rac1 f5
21. Rfe1 Qf6 22. f4 Nf3+ 0-1

[Event "4NCL/Div3/WWKS2 vs. PPA2"]
[Site "Staverton Park ENG"]
[Date "2009.02.08"]
[Round "6.1"]
[White "Page, Mark"]
[Black "Richter, Hans"]
[Result "0-1"]
[WhiteElo "2140"]
[BlackElo "2149"]
[PlyCount "102"]
[EventDate "2009.02.08"]
[SourceDate "2008.10.04"]

1. e4 e6 2. d4 d5 3. Nc3 Bb4 4. Nge2 Nf6 5. e5 Ne4 6. a3 Nxc3 7. Nxc3 Bf8 8.
Qg4 b6 9. Bg5 Qd7 10. O-O-O h6 11. Be3 Bb7 12. f4 Nc6 13. Bd3 g6 14. h4 h5 15.
Qe2 O-O-O 16. Bb5 Qe7 17. Kb1 Bh6 18. g3 Na5 19. Rhf1 Kb8 20. Bg1 c6 21. Bd3 c5
22. dxc5 bxc5 23. Ba6 c4 24. Bxb7 Qxb7 25. Be3 Ka8 26. Ka1 Rb8 27. Rb1 Bf8 28.
Qd2 Be7 29. Ne4 Qa6 30. Nd6 Bxd6 31. exd6 Rb3 32. Qd4 Rhb8 33. Qxa7+ Qxa7 34.
Bxa7 Kxa7 35. cxb3 Nxb3+ 36. Ka2 Nd2 37. Rbd1 Nxf1 38. Rxf1 Kb6 39. b4 cxb3+
40. Kxb3 Kc5+ 41. Kc3 d4+ 42. Kc2 Kxd6 43. a4 Kd5 44. a5 Ra8 45. Ra1 Ra6 46.
Kd3 f6 47. Ra2 e5 48. Ra4 e4+ 49. Kd2 f5 50. Ra1 Kc5 51. Ra4 d3 0-1

[Event "4NCL/Div3/WWKS2 vs. PPA2"]
[Site "Staverton Park ENG"]
[Date "2009.02.08"]
[Round "6.2"]
[White "Jarvis, David"]
[Black "Malik, Dani"]
[Result "1/2-1/2"]
[WhiteElo "2160"]
[BlackElo "2125"]
[PlyCount "110"]
[EventDate "2009.02.08"]
[SourceDate "2008.10.04"]

1. Nf3 Nf6 2. c4 e6 3. g3 d5 4. d4 c5 5. cxd5 exd5 6. Bg2 Nc6 7. O-O Be7 8. Nc3
O-O 9. dxc5 Bxc5 10. Bg5 d4 11. Bxf6 Qxf6 12. Nd5 Qd8 13. Nd2 Be6 14. Nf4 Re8
15. Rc1 Bb6 16. a3 Qd7 17. Ne4 Rad8 18. Nc5 Bxc5 19. Rxc5 Qd6 20. Qc2 Bd7 21.
Rd5 Qf6 22. Rd1 Re5 23. b4 Bf5 24. Rxd8+ Qxd8 25. Qb2 Qb6 26. Bxc6 bxc6 27.
Qxd4 Qxd4 28. Rxd4 g5 29. Nh5 Kf8 30. e3 Ke7 31. g4 Be6 32. Ng3 c5 33. bxc5
Rxc5 34. h3 Ra5 35. Rd3 Rb5 36. Rc3 Rb7 37. Kg2 Bd5+ 38. e4 Be6 39. Nf5+ Kf6
40. Nd6 Rd7 41. Nc4 Rc7 42. Rf3+ Ke7 43. Ne3 f6 44. Kg3 Rc1 45. Nf5+ Bxf5 46.
exf5 Rg1+ 47. Kh2 Ra1 48. Re3+ Kf7 49. Rc3 a5 50. Kg2 Ke7 51. Kf3 Kd6 52. Ke2
Kd5 53. Kd2 Rf1 54. Ke2 Ra1 55. Kd2 Rf1 1/2-1/2

[Event "4NCL/Div3/WWKS2 vs. PPA2"]
[Site "Staverton Park ENG"]
[Date "2009.02.08"]
[Round "6.3"]
[White "Lloyd, Alan"]
[Black "Kemp, Paul R"]
[Result "0-1"]
[WhiteElo "2110"]
[BlackElo "2102"]
[PlyCount "48"]
[EventDate "2009.02.08"]
[SourceDate "2008.10.04"]

1. c4 e5 2. Nc3 Nf6 3. g3 c6 4. Nf3 e4 5. Nd4 Qb6 6. Nb3 a5 7. a4 d5 8. cxd5
cxd5 9. Bg2 Be6 10. Nb5 Bd7 11. N3d4 Bc5 12. e3 Nc6 13. Nxc6 bxc6 14. Nc3 Bc8
15. d3 exd3 16. Qxd3 Ba6 17. Qf5 O-O 18. Bf1 Rfe8 19. Bxa6 Qxa6 20. Bd2 Rab8
21. O-O-O Ne4 22. Nxe4 Rxe4 23. Bc3 Qc4 24. Rhe1 Ba3 0-1

[Event "4NCL/Div3/WWKS2 vs. PPA2"]
[Site "Staverton Park ENG"]
[Date "2009.02.08"]
[Round "6.4"]
[White "McMahon, Paul"]
[Black "Webster, Paul"]
[Result "1-0"]
[WhiteElo "2045"]
[BlackElo "2095"]
[PlyCount "147"]
[EventDate "2009.02.08"]
[SourceDate "2008.10.04"]

1. Nc3 d5 2. e4 d4 3. Nce2 Nc6 4. Ng3 e5 5. Bc4 Nf6 6. Nf3 h6 7. O-O Bd6 8. c3
O-O 9. b4 a6 10. a4 Bg4 11. h3 Be6 12. Bxe6 fxe6 13. Qb3 Qd7 14. Bb2 Kh7 15.
cxd4 exd4 16. e5 Bxe5 17. Nxe5 Nxe5 18. Rae1 Qd6 19. f4 Nc6 20. Rxe6 Qd5 21.
Qxd5 Nxd5 22. b5 axb5 23. axb5 Ra2 24. bxc6 Rxb2 25. cxb7 Rxb7 26. f5 Rb6 27.
Re5 Nf6 28. Re7 Rc6 29. Rb1 Re8 30. Rbe1 Rxe7 31. Rxe7 Rc2 32. Nf1 c5 33. Kf2
c4 34. Ke1 Rc1+ 35. Kf2 Kg8 36. Ng3 Rc2 37. Ke1 d3 38. Nf1 Nd5 39. Re5 Rc1+ 40.
Kf2 Nb4 41. Re1 Rc2 42. Rb1 Na2 43. Ke3 Nc1 44. Ng3 Nb3 45. Ne4 Ra2 46. g4 Kf8
47. h4 Ke7 48. g5 hxg5 49. hxg5 Ra8 50. Rh1 Rf8 51. f6+ gxf6 52. gxf6+ Ke6 53.
Rh7 Kf5 54. Rh5+ Kg6 55. Rg5+ Kf7 56. Rg7+ Ke6 57. f7 Ke7 58. Ng5 Nc5 59. Rg8
Nd7 60. Kd4 Nb6 61. Rg6 Rd8+ 62. Kc3 Nd5+ 63. Kxc4 Nf6 64. Rxf6 Kxf6 65. f8=Q+
Rxf8 66. Nh7+ Kg7 67. Nxf8 Kxf8 68. Kxd3 Ke7 69. Kd4 Kd6 70. d3 Ke7 71. Ke5 Ke8
72. Kd6 Kd8 73. d4 Ke8 74. Kc7 1-0

[Event "4NCL/Div3/WWKS2 vs. PPA2"]
[Site "Staverton Park ENG"]
[Date "2009.02.08"]
[Round "6.5"]
[White "Malik, Kaiser"]
[Black "Stewart, Ashley"]
[Result "1-0"]
[WhiteElo "2075"]
[BlackElo "1960"]
[PlyCount "89"]
[EventDate "2009.02.08"]
[SourceDate "2008.10.04"]

1. e4 e6 2. Nf3 c5 3. c3 Nc6 4. d4 d5 5. exd5 exd5 6. Bg5 Be7 7. h4 h6 8. Bxe7
Qxe7+ 9. Be2 Be6 10. dxc5 Qxc5 11. Nbd2 Nf6 12. Nb3 Qb6 13. Nfd4 Ne4 14. Bf3
Nc5 15. Nxe6 fxe6 16. Bh5+ Kd8 17. Nxc5 Qxc5 18. O-O g5 19. Qg4 Qe7 20. Rfe1 e5
21. b4 Rf8 22. Rad1 Qd6 23. hxg5 Rf4 24. Qg3 Kc7 25. g6 Rf5 26. Bf3 Rg5 27.
Rxd5 Rxg3 28. Rxd6 Rxf3 29. Rxc6+ bxc6 30. gxf3 Kd6 31. Re4 Rg8 32. Rg4 c5 33.
Kh2 cxb4 34. cxb4 Ke6 35. Kh3 h5 36. Rg3 Kf6 37. g7 Kf5 38. Kh4 e4 39. fxe4+
Kxe4 40. Kxh5 Kd4 41. Kg6 Kc4 42. Kh7 Rd8 43. g8=Q+ Rxg8 44. Kxg8 Kxb4 45. Re3
1-0

[Event "4NCL/Div3/BCA vs. HACK"]
[Site "Staverton Park ENG"]
[Date "2009.02.08"]
[Round "6.1"]
[White "Crouch, Colin"]
[Black "Chin, Francis"]
[Result "1-0"]
[WhiteElo "2365"]
[BlackElo "2236"]
[PlyCount "81"]
[EventDate "2009.02.08"]
[SourceDate "2008.10.04"]

1. d4 d5 2. Bf4 c6 3. e3 Bf5 4. Nf3 e6 5. Be2 Nf6 6. Nh4 Bg6 7. Nd2 Nbd7 8.
Nxg6 hxg6 9. h3 Be7 10. O-O O-O 11. c4 Ne8 12. e4 dxe4 13. Nxe4 Ndf6 14. Nc3
Qb6 15. Na4 Qa5 16. Qb3 Bd6 17. Be3 Rd8 18. Rad1 Ne4 19. Bd3 N4f6 20. Nc3 Rd7
21. Rfe1 Bb8 22. Ne2 Nd6 23. Ng3 Nf5 24. Nxf5 gxf5 25. f4 Nh5 26. Rf1 Qd8 27.
Rf3 Rxd4 28. Bxd4 Qxd4+ 29. Kf1 Bxf4 30. Bxf5 Qe5 31. Re1 Qxf5 32. g4 Qc5 33.
gxh5 Bc7 34. Qxb7 Bb6 35. Kg2 Qxh5 36. Qxc6 Rd8 37. Kh1 Qg6 38. Ref1 Rd2 39.
Rxf7 Rxb2 40. Rf8+ Kh7 41. Qa8 1-0

[Event "4NCL/Div3/BCA vs. HACK"]
[Site "Staverton Park ENG"]
[Date "2009.02.08"]
[Round "6.2"]
[White "Lee, Martin"]
[Black "Mordue, A Tyson"]
[Result "1/2-1/2"]
[WhiteElo "2050"]
[BlackElo "2290"]
[PlyCount "81"]
[EventDate "2009.02.08"]
[SourceDate "2008.10.04"]

1. d4 Nf6 2. c4 g6 3. Nc3 Bg7 4. e4 d6 5. f3 O-O 6. Be3 e5 7. d5 Nh5 8. Qd2 f5
9. exf5 gxf5 10. Bd3 Nd7 11. Nge2 Nc5 12. Bc2 a5 13. O-O-O Bd7 14. Bh6 Rf7 15.
Bxg7 Rxg7 16. g3 Kh8 17. b3 Qf6 18. Kb1 Rb8 19. Rhf1 b5 20. cxb5 Bxb5 21. Nxb5
Rxb5 22. Nc3 Rb8 23. Kc1 Rf7 24. Ne2 Ng7 25. Qxa5 Rff8 26. Qd2 Ra8 27. Nc3 Rfb8
28. h4 Nh5 29. Rg1 e4 30. Qd4 Nd3+ 31. Rxd3 exd3 32. Qxf6+ Nxf6 33. Bxd3 Nxd5
34. Nxd5 Rxa2 35. Bxf5 Rxb3 36. Bb1 Ra1 37. Kc2 Rxf3 38. Nxc7 Raa3 39. Nb5 Rxg3
40. Rxg3 Rxg3 41. Nxd6 1/2-1/2

[Event "4NCL/Div3/BCA vs. HACK"]
[Site "Staverton Park ENG"]
[Date "2009.02.08"]
[Round "6.3"]
[White "Ross, Chris"]
[Black "Shaw, Dashiell L"]
[Result "1-0"]
[WhiteElo "2197"]
[BlackElo "1940"]
[PlyCount "109"]
[EventDate "2009.02.08"]
[SourceDate "2008.10.04"]

1. d4 Nf6 2. Nf3 g6 3. Bg5 Bg7 4. Nbd2 d5 5. e3 O-O 6. Bd3 Nbd7 7. O-O h6 8.
Bh4 Re8 9. c3 c6 10. Ne5 Nxe5 11. dxe5 Ng4 12. Nf3 Nxe5 13. Nxe5 Bxe5 14. f4
Bg7 15. f5 g5 16. Bg3 e5 17. f6 Bf8 18. Bf5 Bxf5 19. Rxf5 Re6 20. Qf3 e4 21.
Qf2 Bd6 22. Rf1 Kh7 23. h4 g4 24. Rh5 Qg8 25. Bxd6 Qg6 26. Rf5 Rxd6 27. h5 Qg8
28. Qg3 Re6 29. R1f4 Qh8 30. Rxg4 Rg8 31. Rxg8 Qxg8 32. Qc7 b5 33. Qxa7 Qf8 34.
b4 Qe8 35. Qc7 Qf8 36. Qg3 Qh8 37. Qf4 Qd8 38. Kh2 Qd6 39. Kg3 Qd8 40. a3 Qh8
41. Kh4 Qd8 42. g4 Qd6 43. Kg3 Qxf4+ 44. Kxf4 Kg8 45. g5 Kh7 46. g6+ Kg8 47.
Kg4 Kf8 48. Rf1 Re5 49. g7+ Kg8 50. a4 Rg5+ 51. Kf4 bxa4 52. Ra1 Rxh5 53. Rxa4
Rg5 54. Ra8+ Kh7 55. Rh8+ 1-0

[Event "4NCL/Div3/BCA vs. HACK"]
[Site "Staverton Park ENG"]
[Date "2009.02.08"]
[Round "6.4"]
[White "Oakley, Robin"]
[Black "Cole, Tristram C"]
[Result "1/2-1/2"]
[WhiteElo "1905"]
[BlackElo "1970"]
[PlyCount "34"]
[EventDate "2009.02.08"]
[SourceDate "2008.10.04"]

1. e4 e6 2. d4 d5 3. Nc3 dxe4 4. Nxe4 Nd7 5. Nf3 Ngf6 6. Bd3 Be7 7. O-O O-O 8.
Re1 b6 9. Ng3 Bb7 10. Bf4 c5 11. Bb5 a6 12. Be2 cxd4 13. Qxd4 Bc5 14. Qd3 Ng4
15. Nh1 e5 16. Ng5 Ndf6 17. Bg3 h6 1/2-1/2

[Event "4NCL/Div3/BCA vs. HACK"]
[Site "Staverton Park ENG"]
[Date "2009.02.08"]
[Round "6.5"]
[White "Burnell, Steve"]
[Black "Vives, Pepe"]
[Result "0-1"]
[WhiteElo "1950"]
[BlackElo "1840"]
[PlyCount "74"]
[EventDate "2009.02.08"]
[SourceDate "2008.10.04"]

1. d4 Nf6 2. c4 c5 3. d5 b5 4. Nf3 g6 5. a4 bxc4 6. Nc3 d6 7. e4 Bg7 8. Bxc4
O-O 9. O-O a5 10. Re1 Nfd7 11. Bf4 Nb6 12. Bf1 N8d7 13. Qd2 Ba6 14. Bxa6 Rxa6
15. Qe2 Ra7 16. e5 dxe5 17. Nxe5 Nxe5 18. Bxe5 Bxe5 19. Qxe5 Nc4 20. Qe2 Nd6
21. Rad1 Rb7 22. Rd2 Re8 23. Ne4 Nxe4 24. Qxe4 Rb4 25. Qc2 Qd6 26. g3 Reb8 27.
Rb1 c4 28. Rd4 Qc5 29. Rh4 Qxd5 30. Qc1 h5 31. g4 c3 32. Qxc3 Qg5 33. Qg3 Rb3
34. f3 Rxb2 35. Rxb2 Rxb2 36. Qe1 Rc2 37. f4 Qc5+ 0-1